| 000 | 00773cam a22002057a 4500 | ||
|---|---|---|---|
| 020 | _a9054101644 | ||
| 082 | 0 | 0 |
_a624.15136 _bSOB _cL-38, P-60 |
| 100 | 1 |
_aSobolevsky, Dmitry Yu., _942489 |
|
| 245 | 1 | 0 |
_aStrength of dilating soil and load-holding capacity of deep foundations : _bintroduction to theory and practical application / _cDmitry Yu. Sobolevsky. |
| 260 |
_aRotterdam ; _aBrookfield, Vt. : _bA.A. Balkema, _c1995. |
||
| 300 |
_ax, 244 p. : _bill. ; _c25 cm. |
||
| 526 |
_a0 _b0 _c0 _d624_151360000000000_SOB |
||
| 650 | 0 |
_aFoundations. _9892 |
|
| 650 | 0 |
_aMCE _9379 |
|
| 650 | 0 | _aSoil mechanics. | |
| 650 | 0 |
_aSoils _xTesting. _921515 |
|
| 650 | 0 |
_aSwelling soils. _942490 |
|
| 856 | 4 | 2 | _uhttp://www.loc.gov/catdir/enhancements/fy0916/99226566-d.html |
| 942 |
_2ddc _cBK |
||
| 999 |
_c546372 _d546372 |
||